Statistics for 日本の路面電車がある街

Click here to take the quiz!

General Stats

  • This quiz has been taken 936 times
  • The average score is 15 of 18

Answer Stats

地方% Correct
中国広島
97%
北海道札幌
96%
北海道函館
93%
北陸富山
93%
九州熊本
92%
四国松山
91%
九州鹿児島
91%
九州長崎
91%
関東東京
90%
四国高知
89%
中国岡山
87%
関西大阪
85%
関西京都
74%
関西福井
71%
中部豊橋
69%
北陸高岡
61%
九州北九州
58%
関東鎌倉/藤沢
47%

Score Distribution

Percentile by Number Answered

Percent of People with Each Score

Your Score History

You have not taken this quiz